Vista normal Vista MARC

Entrada Materia (tema)

Número de registros utilizados en: 1

001 - CONTROL NUMBER

  • control field: 100576

003 - CONTROL NUMBER IDENTIFIER

  • control field: Co-BoUCM

005 - DATE AND TIME OF LATEST TRANSACTION

  • control field: 20200630103146.0

008 - FIXED-LENGTH DATA ELEMENTS

  • fixed length control field: 200630|| aca||aabn | a|a d

040 ## - CATALOGING SOURCE

  • Original cataloging agency: Co-BoUCM
  • Transcribing agency: Co-BoUCM

150 ## - HEADING--TOPICAL TERM

  • Topical term or geographic name as entry element: Insectos
  • General subdivision: Taxonomía

670 ## - SOURCE DATA FOUND

  • Source citation: Work cat.: (Co-BoUCM)317280: Gullan, P. J. 100575, The insects, 2014